Los mártires y la inclusión: análisis teológico /

Bewaard in:
Bibliografische gegevens
Hoofdauteur: Sobrino, Jon
Formaat: Texto
Tags: Voeg label toe
Geen labels, Wees de eerste die dit record labelt!

MARC

LEADER 00000 a a2200000 04500
001 40699
003
040
100 |a Sobrino, Jon  
245 |a Los mártires y la inclusión:   |b análisis teológico /  |c Jon Sobrino  
500 |a jsobrino@buho.uca.edu.sv  
773 |g número718 ( , 2008), páginas 517-530  
999 |c 27592  |d 27592